Geography that starts with B - Statistics

General Stats
  • This quiz has been taken 54 times
    33 since last reset
  • The average score is 5 of 14
Answer Stats
Hint Answer % Correct
Country bordering Croatia Bosnia and Herzegovina
92%
Major city in Spain that houses the Sagrada Familia Barcelona
80%
Strait that Europe ends and Asia begins Bosphorus
60%
Sea that borders Crimea Black
56%
Capital of Central African Republic Bangui
48%
Capital of the country that has that city Brasilia
48%
Country whose capital is that Brazil
40%
Bay Bordering France and Spain Bay of Biscay
28%
Its capital is Palma de Mallorca Balearic
12%
City near the mouth of the longest river in the world Belem
8%
Small island near Antarctica that is a territory of Norway Bouvet
8%
Goes into the Yellow Sea Bohai
0%
Another name for the Tsangpo River Brahmaputra
0%
This river flows into the Danube Breg
0%
No matching quizzes found
Score Distribution
Percent of People with Each Score
Percentile by Number Answered
Your Score History
You have not taken this quiz since the last reset